000 00624nam a2200205 i 4500
001 65654
003 ES-MaACL
005 20230906165432.0
007 t|
008 040120s1928 gw ||||1| ger d
100 1 _aFrobenius, Leo (
_d1873-1938)
_952709
245 1 4 _aDas sterbende Afrika
_b: die secle eines erdteils /
_cvon Leo Frobenius.
250 _a1. vollstèandige ausg.
260 _aFrankfurt am Main :
_bFrankfurter Societats Druckerci,
_c[1928]
300 _a502 p. ;
_c16 cm.
490 1 _aErlebte erdteile
830 0 _aErlebte erdteile
_9230755
852 _aES-MaACL
_jA-3216
999 _c65654
_d65654